Quản lý chất thải rắn Tập 1 Chất thải rắn đô thị

Những kiến thức về các biện pháp thu gom, tập trung, vận chuyện và xử lý chất thải rắn đô thị. các phương pháp tận thu quản lý các chất thải từ hoạt động công nghiệp v.v...

Uloženo v:
Podrobná bibliografie
Hlavní autor: Trần Hiếu Nhuệ
Další autoři: Ứng Quốc Dũng, Nguyễn Thị Kim Thái
Médium: Kniha
Jazyk:Vietnamese
Vydáno: H. Xây dựng 2012
Vydání:Tái bản
Tagy: Přidat tag
Žádné tagy, Buďte první, kdo otaguje tento záznam!
Thư viện lưu trữ: Thư viện Trường Đại học Nam Cần Thơ
LEADER 01671aam a22002538a 4500
001 NCT_19044
008 150409s2015 ||||||viesd
999 |c 902  |d 902 
020 |c 67000 
082 0 4 |2 23rd ed.  |a 363.7285  |b Nh507 
100 1 |a Trần Hiếu Nhuệ 
245 0 0 |a Quản lý chất thải rắn  |n Tập 1  |p Chất thải rắn đô thị  |c Trần Hiếu Nhuệ, Nguyễn Thị Kim Thái, Ứng Quốc Dũng 
250 |a Tái bản 
260 |a H.  |b Xây dựng  |c 2012 
300 |a 207 tr.  |b Minh họa  |c 27cm 
520 3 |a Những kiến thức về các biện pháp thu gom, tập trung, vận chuyện và xử lý chất thải rắn đô thị. các phương pháp tận thu quản lý các chất thải từ hoạt động công nghiệp v.v... 
700 1 |a Ứng Quốc Dũng 
700 1 |a Nguyễn Thị Kim Thái 
942 |2 ddc  |c BK 
952 |0 0  |1 0  |2 ddc  |4 0  |6 363_728500000000000_NH507  |7 0  |9 5460  |a 000001  |b 000001  |d 2017-12-04  |l 1  |o 363.7285 Nh507  |p MD.03704  |r 2019-03-14  |s 2019-03-01  |v 67000.00  |w 2017-12-04  |y BK 
952 |0 0  |1 0  |2 ddc  |4 0  |6 363_728500000000000_NH507  |7 0  |9 5461  |a 000001  |b 000001  |d 2017-12-04  |l 4  |o 363.7285 Nh507  |p MD.03705  |r 2020-12-01  |s 2020-11-17  |v 67000.00  |w 2017-12-04  |y BK 
952 |0 0  |1 0  |2 ddc  |4 0  |6 363_728500000000000_NH507  |7 0  |9 5462  |a 000001  |b 000001  |d 2017-12-04  |l 3  |o 363.7285 Nh507  |p MD.03706  |r 2020-12-17  |s 2020-12-02  |v 67000.00  |w 2017-12-04  |y BK 
952 |0 0  |1 0  |2 ddc  |4 0  |6 363_728500000000000_NH507  |7 0  |9 5463  |a 000001  |b 000001  |d 2017-12-04  |o 363.7285 Nh507  |p MD.03707  |r 2017-12-04  |v 67000.00  |w 2017-12-04  |y BK 
980 |a Thư viện Trường Đại học Nam Cần Thơ